000 00957nab a2200205 i 4500
001 768714001
003 CO-MdFUSB
005 20240506123828.0
008 240506t1968 sp ||||| |||| 00| 0 spa d
040 _bspa
_cCO-MdFUSB
_dCO-MdFUSB
041 _aspa
100 _aGollwitzer, Helmut,
_eautor
245 _aCómo predicar hoy la "redención"
_c/ Helmut Gollwitzer
520 _aAnálisis del alcance de la doctrina cristiana de la expiación, en que se basa el precepto de reconciliación y finaliza con unos breves datos sobre los diferentes aspectos teológicos del mensaje de la reconciliación.
650 7 _aTeología pastoral
_9227
650 7 _aReconciliación
_xAspectos religiosos
_xCristianismo
_92055
773 0 _049450
_982593
_oR2523
_tRevista internacional de teología Concilium
_w(CO-MdFUSB)8
_x0210-1041
_gNúmero 33, (marzo, 1968), páginas: 441 - 450
_qpágina: 441
942 _cANA
945 _aCatherine Arias Alvarez - Practicante SENA
999 _c69523
_d69523